[Event "R1 Millau-EVT2"]
[Site "Albi"]
[Date "2004.10.10"]
[Round "1.2"]
[White "Hernandez, Jeremy"]
[Black "Chorazy, Andre"]
[Result "0-1"]
[WhiteElo "1490"]
[BlackElo "1740"]
[EventDate "2004.??.??"]
[PlyCount "122"]

1.e4 d5 2.e5 d4 3.Nf3 Bg4 4.Be2 Nc6 5.Nxd4 Qxd4 6.Bxg4 Qxe5+ 7.Qe2 Qxe2+ 
8.Bxe2 Nd4 9.Bd1 Nf6 10.c3 Nf5 11.d4 e6 12.Bf3 c6 13.g3 Bd6 14.Nd2 O-O 15.
Nc4 Bc7 16.O-O Nd5 17.Re1 Rfe8 18.Re4 Nf6 19.Re2 Nd5 20.Bd2 Re7 21.b3 Rae8
22.Rae1 f6 23.Bxd5 cxd5 24.Ne3 Nxe3 25.Bxe3 e5 26.Bd2 e4 27.c4 dxc4 28.
bxc4 f5 29.f3 Kf7 30.fxe4 Rxe4 31.Re3 h5 32.Kf1 Bd8 33.Rf3 Rxe1+ 34.Bxe1 
g6 35.Ra3 a6 36.Rb3 b6 37.c5 bxc5 38.dxc5 a5 39.c6 Re7 40.Bf2 Bc7 41.g4 
hxg4 42.Bh4 Re6 43.Rb7 Rxc6 44.Bg3 Rc1+ 45.Ke2 Rc2+ 46.Kd3 Rxa2 47.Bxc7 a4
48.Ra7 g5 49.Kc3 Kg6 50.Ra6+ Kh5 51.Ra5 Kg6 52.Ra6+ Kh5 53.Kd4 f4 54.Rf6 
Rxh2 55.Bd6 g3 56.Ke4 Kg4 57.Kd3 f3 58.Ke3 Re2+ 59.Kd3 g2 60.Bc5 a3 61.
Bxa3 g1=Q 0-1

[Event "R1 Millau-EVT2"]
[Site "Albi"]
[Date "2004.10.10"]
[Round "1.1"]
[White "Croux, Laurent"]
[Black "Rodriguez-Palacios, Israel"]
[Result "0-1"]
[WhiteElo "1790"]
[BlackElo "1720"]
[EventDate "2004.??.??"]
[PlyCount "94"]

1.e4 e5 2.Nf3 Nc6 3.Bc4 Nf6 4.d3 Be7 5.Nc3 h6 6.Be3 a6 7.Bb3 Ng4 8.Qe2 d6 
9.Nd5 Nxe3 10.fxe3 Bg4 11.O-O-O Na5 12.d4 Nxb3+ 13.axb3 c6 14.Nxe7 Qxe7 
15.h3 Bh5 16.Qf2 O-O 17.Rde1 Qf6 18.Qh4 Qxh4 19.Nxh4 f6 20.g4 Bf7 21.Nf5 
Rad8 22.h4 Be6 23.d5 Bxf5 24.gxf5 cxd5 25.exd5 e4 26.c4 Rc8 27.Kd2 Rc5 28.
Kc3 b5 29.Ra1 Rfc8 30.Kd4 bxc4 31.b4 Rb5 32.Rxa6 Rxb4 33.Kc3 Rb3+ 34.Kd4 
Rd3+ 35.Kxe4 Re8+ 36.Kf4 Rexe3 37.Rxd6 Re5 38.Rd8+ Kh7 39.d6 Rd4+ 40.Kg3 
Rxf5 41.Re1 h5 42.d7 Rg4+ 43.Kh3 Rf3+ 44.Kh2 Rxh4+ 45.Kg2 Rd3 46.Re3 Rd2+ 
47.Kg3 Rhd4 0-1

[Event "R1 Gambit Muret2-Vic en Bigorre"]
[Site "Vic"]
[Date "2004.10.10"]
[Round "1.6"]
[White "Mosset-Cancel, Yohann"]
[Black "Heude, Jean-Noel"]
[Result "0-1"]
[WhiteElo "1300"]
[BlackElo "1380"]
[EventDate "2004.??.??"]
[PlyCount "76"]

1.e4 e5 2.d3 Nf6 3.Nc3 Nc6 4.Be2 Bb4 5.Bd2 d6 6.Nf3 O-O 7.O-O a6 8.a3 Bc5 
9.b4 Bd4 10.Qe1 Re8 11.Be3 Bg4 12.h3 Bh5 13.Nxd4 exd4 14.Bxh5 Nxh5 15.Bg5 
Qxg5 16.Nd5 Nf4 17.g3 Nxd5 18.h4 Qg4 19.Qd2 Nc3 20.Qe1 Ne5 21.f4 Nf3+ 22.
Rxf3 Qxf3 23.Qf2 Ne2+ 24.Kf1 Qh1+ 25.Kxe2 Qxa1 26.h5 c5 27.Qf3 cxb4 28.h6 
bxa3 29.Qg4 g6 30.f5 Qh1 31.Qf4 Qh2+ 32.Kf3 a2 33.Qxd6 Qxh6 34.Qxd4 Rac8 
35.g4 Rxc2 36.fxg6 hxg6 37.Qd5 Qh2 38.Qxb7 Qf2# 0-1

[Event "R1 Gambit Muret2-Vic en Bigorre"]
[Site "Vic"]
[Date "2004.10.10"]
[Round "1.5"]
[White "Le Digabel, Patrick"]
[Black "Labat, Thierry"]
[Result "1-0"]
[WhiteElo "1510"]
[BlackElo "1360"]
[EventDate "2004.??.??"]
[PlyCount "89"]

1.e4 e5 2.Nf3 Nc6 3.Bc4 Nf6 4.Nc3 Bb4 5.d3 Bxc3+ 6.bxc3 O-O 7.Bg5 h6 8.Bh4
Ne7 9.Nxe5 d5 10.exd5 Nexd5 11.O-O Be6 12.Bb3 Nxc3 13.Qf3 c6 14.Rfe1 Re8 
15.Qg3 Kf8 16.Qe3 Bxb3 17.axb3 Qd5 18.Bxf6 g5 19.d4 Re6 20.Bxg5 hxg5 21.
Qxc3 f6 22.Ng4 Rd6 23.Rad1 Rad8 24.Ne3 Qxd4 25.Rxd4 Rxd4 26.h3 Kf7 27.Ng4 
f5 28.Ne3 Kg6 29.Qa5 b5 30.Qxa7 Re4 31.Qb6 Rd6 32.Qc5 Rf6 33.Rd1 g4 34.
hxg4 fxg4 35.Rd6 Rf4 36.Rxf6+ Rxf6 37.Nxg4 Re6 38.Ne5+ Kf6 39.Nxc6 Kg6 40.
Nd4 Rf6 41.Qxb5 Rd6 42.Qf5+ Kg7 43.c4 Rxd4 44.Qe5+ Kg6 45.Qxd4 1-0

[Event "R1 Gambit Muret2-Vic en Bigorre"]
[Site "Vic"]
[Date "2004.10.10"]
[Round "1.4"]
[White "Thimognier, Victor"]
[Black "Spanoudakis, Serge"]
[Result "0-1"]
[WhiteElo "1490"]
[BlackElo "1540"]
[EventDate "2004.??.??"]
[PlyCount "54"]

1.d4 Nf6 2.c4 g6 3.Nc3 d5 4.cxd5 Nxd5 5.e4 Nxc3 6.bxc3 c5 7.Bb5+ Bd7 8.
Bxd7+ Qxd7 9.Nf3 Bg7 10.Be3 O-O 11.O-O cxd4 12.cxd4 Rd8 13.Qd2 Nc6 14.Rfd1
Qg4 15.Qc2 Rac8 16.Rac1 Nxd4 17.Rxd4 Bxd4 18.Qd2 Bxe3 19.Qxe3 Rxc1+ 20.
Qxc1 Qxe4 21.h3 Qd5 22.Qc7 Qd1+ 23.Kh2 Qd6+ 24.Qxd6 Rxd6 25.Ne5 Ra6 26.g4 
Rxa2 27.Kg3 a5 0-1

[Event "R1 Gambit Muret2-Vic en Bigorre"]
[Site "Vic"]
[Date "2004.10.10"]
[Round "1.3"]
[White "Callejon, Bernard"]
[Black "Labat, Jory"]
[Result "1/2-1/2"]
[WhiteElo "1530"]
[BlackElo "1590"]
[EventDate "2004.??.??"]
[PlyCount "81"]

1.d4 Nf6 2.c4 e6 3.Nc3 b6 4.Nf3 Bb7 5.Bg5 h6 6.Bxf6 Qxf6 7.e4 Bb4 8.Qc2 
Qg6 9.Nd2 Bxc3 10.bxc3 d5 11.cxd5 exd5 12.Bb5+ c6 13.Bf1 O-O 14.g3 Re8 15.
Bg2 dxe4 16.O-O f5 17.Qb3+ Kh8 18.Nc4 Nd7 19.Rfe1 Ba6 20.Kh1 Bxc4 21.Qxc4 
Qe6 22.Qe2 g6 23.Bh3 Nf6 24.Rac1 Rac8 25.c4 Qd6 26.Qb2 c5 27.d5 Qe5 28.Qb5
Qd4 29.Re2 Qd3 30.Rce1 Re7 31.Re3 Qd4 32.Qb3 Rd8 33.Rd1 Qe5 34.f4 Qd6 35.
Qc3 Kh7 36.Qe1 h5 37.Qe2 Kh6 38.Rg1 Qd7 39.Qc2 Rf7 40.Rd1 Re7 41.Rd2 
1/2-1/2

[Event "R1 Gambit Muret2-Vic en Bigorre"]
[Site "Vic"]
[Date "2004.10.10"]
[Round "1.2"]
[White "Hochet, Yannick"]
[Black "Rahal, Sami-Antoine"]
[Result "0-1"]
[WhiteElo "1560"]
[BlackElo "1660"]
[EventDate "2004.??.??"]
[PlyCount "72"]

1.e4 b6 2.d4 Bb7 3.Bd3 e6 4.Nf3 Nf6 5.e5 Nd5 6.O-O Be7 7.Re1 O-O 8.Nbd2 f5
9.c3 Qe8 10.Nf1 Qg6 11.Ng3 c5 12.Qe2 cxd4 13.Nxd4 Bh4 14.Qf3 Nc6 15.Ndxf5 
exf5 16.Qxd5+ Kh8 17.Qxd7 Bxg3 18.fxg3 Na5 19.Qa4 Qe6 20.Bf4 Qd5 21.Qc2 
Rac8 22.Rad1 Qe6 23.b3 g6 24.Bg5 b5 25.Bxb5 Qb6+ 26.Qf2 Qxb5 27.Bf6+ Kg8 
28.c4 Qc6 29.Rd6 Qc5 30.Rd7 Qxf2+ 31.Kxf2 Rf7 32.e6 Rxf6 33.e7 Re8 34.Rd8 
Kf7 35.Rd7 Re6 36.Rxe6 Kxe6 0-1

[Event "R1 Gambit Muret2-Vic en Bigorre"]
[Site "Vic"]
[Date "2004.10.10"]
[Round "1.1"]
[White "Fora, Jean-Paul"]
[Black "Giraut, Laurent"]
[Result "1-0"]
[WhiteElo "1610"]
[BlackElo "1900"]
[EventDate "2004.??.??"]
[PlyCount "49"]

1.c4 Nf6 2.Nc3 e6 3.Nf3 Bb4 4.g3 b6 5.Bg2 Bb7 6.O-O O-O 7.a3 Bxc3 8.bxc3 
c5 9.d3 d6 10.Rb1 Qc7 11.e4 Nc6 12.Be3 Na5 13.Bg5 Nd7 14.Qc1 f5 15.exf5 
Rxf5 16.Nh4 Bxg2 17.Kxg2 Rf7 18.Qe1 Qc6+ 19.Kg1 e5 20.Qd1 Nf6 21.Bxf6 Rxf6
22.Ng2 e4 23.Ne3 exd3 24.Qxd3 Qa4 25.Qd5+ 1-0

[Event "R1 EVT1-Ramonville2"]
[Site "Ramonville"]
[Date "2004.10.10"]
[Round "1.6"]
[White "Blond, Jeremy"]
[Black "Laplaze, Hervé"]
[Result "1-0"]
[WhiteElo "1199"]
[BlackElo "1500"]
[EventDate "2004.??.??"]
[PlyCount "87"]

1.e4 c5 2.Nf3 d6 3.d4 cxd4 4.Nxd4 Nc6 5.Nxc6 bxc6 6.Nc3 Nf6 7.Bd3 e6 8.O-O
Be7 9.Re1 O-O 10.Bf4 e5 11.Bg5 Bg4 12.f3 Be6 13.b3 Re8 14.Qd2 Qa5 15.Bc4 
Bxc4 16.bxc4 Qc5+ 17.Kh1 Qxc4 18.Rab1 Qe6 19.Red1 Red8 20.h3 Ne8 21.Bxe7 
Qxe7 22.Ne2 Rab8 23.Rxb8 Rxb8 24.c4 c5 25.Nc3 Qe6 26.Nd5 f5 27.Qg5 fxe4 
28.fxe4 a5 29.Rf1 h6 30.Ne7+ Kh7 31.Qf5+ Qxf5 32.Rxf5 Nf6 33.Nc6 Rb2 34.
Nxa5 Rxa2 35.Nb7 Nxe4 36.Rf7 Ra4 37.Rd7 Rxc4 38.Nxd6 Nxd6 39.Rxd6 Rd4 40.
Rc6 c4 41.Kg1 e4 42.Kf2 h5 43.Ke3 Rd2 44.Kxd2 1-0

[Event "R1 EVT1-Ramonville2"]
[Site "Ramonville"]
[Date "2004.10.10"]
[Round "1.5"]
[White "Taieb, Marcel"]
[Black "Rizzo, Carlo"]
[Result "1/2-1/2"]
[WhiteElo "1690"]
[BlackElo "1560"]
[EventDate "2004.??.??"]
[PlyCount "109"]

1.d4 Nf6 2.c4 c5 3.d5 b5 4.b3 bxc4 5.bxc4 d6 6.Nf3 g6 7.Qc2 Bg7 8.Bb2 Qb6 
9.Nbd2 Bf5 10.Qb3 O-O 11.e3 Na6 12.Nh4 Bd7 13.Bd3 Nb4 14.Bb1 Rfb8 15.O-O 
Qd8 16.Qc3 Nbxd5 17.cxd5 Rxb2 18.Qxb2 Nxd5 19.Qb3 Nxe3 20.Qxe3 Bxa1 21.Be4
Bd4 22.Qd3 Rb8 23.Rb1 f5 24.Rxb8 Qxb8 25.Bf3 Bf6 26.g3 Be6 27.Bd5 Bxd5 28.
Qxd5+ Kg7 29.Nhf3 Qg8 30.Qxg8+ Kxg8 31.Kf1 Kf7 32.Ke2 e5 33.Nc4 Ke6 34.
Nfd2 d5 35.Na5 Bd8 36.Nc6 Bb6 37.Nb8 Kd6 38.Nf3 h6 39.Nh4 c4 40.Nxg6 c3 
41.Nh4 Bxf2 42.Nxf5+ Kc7 43.Na6+ Kb6 44.Nb4 Kc5 45.Nc2 Bd4 46.Nxh6 e4 47.
Nf5 Bg1 48.h4 d4 49.Nfxd4 Bxd4 50.h5 Be5 51.Ke3 Kd5 52.g4 Bf6 53.h6 Bg5+ 
54.Ke2 Bxh6 55.Nb4+ 1/2-1/2

[Event "R1 EVT1-Ramonville2"]
[Site "Ramonville"]
[Date "2004.10.10"]
[Round "1.4"]
[White "Mary, Jean-François"]
[Black "Garcia Del Prado, Bruno"]
[Result "0-1"]
[WhiteElo "1590"]
[BlackElo "1640"]
[EventDate "2004.??.??"]
[PlyCount "102"]

1.d4 Nf6 2.Nf3 g6 3.Nc3 Bg7 4.e4 d6 5.Be3 Nc6 6.Qd2 a6 7.Bh6 O-O 8.Bxg7 
Kxg7 9.O-O-O b5 10.Be2 b4 11.Nb1 Nxe4 12.Qe1 d5 13.h4 Qd6 14.Nfd2 Qf4 15.
Bf3 Nxd4 16.Bxe4 dxe4 17.g3 Qg4 18.b3 Bb7 19.Kb2 e3 20.fxe3 Bxh1 21.exd4 
Qxd4+ 22.Kc1 Bg2 23.Nc4 Qe4 24.Qxb4 Rfd8 25.Re1 Qf3 26.Rxe7 Rab8 27.Qa3 
Rd1+ 28.Kb2 Qf6+ 29.Ne5 Bd5 30.Nc3 Qf1 31.Nxd1 Qxd1 32.Nd3 Bc4 33.Nc5 Qd4+
34.Kc1 Qa1+ 35.Kd2 Rd8+ 36.Rd7 Rxd7+ 37.Nxd7 Be6 38.Nb8 Qd4+ 39.Kc1 Qc3 
40.Qb2 Qxb2+ 41.Kxb2 Bc8 42.Kc3 Kf6 43.Kd4 Ke6 44.Nc6 f6 45.Ke4 Bb7 46.Kd4
Bxc6 47.Kc5 Bb7 48.Kd4 Kf5 49.g4+ Kxg4 50.c4 f5 51.Ke3 Kg3 0-1

[Event "R1 EVT1-Ramonville2"]
[Site "Ramonville"]
[Date "2004.10.10"]
[Round "1.3"]
[White "Chevauché, Alain"]
[Black "Nicq-Beothy, Ambre"]
[Result "1-0"]
[WhiteElo "1690"]
[BlackElo "1560"]
[EventDate "2004.??.??"]
[PlyCount "86"]

1.c4 c6 2.Nc3 d5 3.cxd5 cxd5 4.d4 Nf6 5.e3 Nc6 6.g3 Bf5 7.Bg2 e6 8.Nge2 
Be7 9.a3 O-O 10.O-O Bg4 11.b4 a6 12.Na4 b6 13.Bb2 Qc7 14.Rc1 Rfc8 15.Qe1 
Qb7 16.Nac3 b5 17.f3 Bh5 18.Nf4 Qa7 19.Nxh5 Nxh5 20.Ne2 Bg5 21.Qf2 Nf6 22.
h4 Bh6 23.g4 Ne5 24.Rxc8+ Rxc8 25.g5 Nd3 26.Qg3 Nxb2 27.gxh6 g6 28.Qe5 Qe7
29.Nf4 Nc4 30.Qg5 Rc7 31.Rc1 Ne8 32.Kf2 Qxg5 33.hxg5 Nxa3 34.Ra1 Rc3 35.e4
Nc7 36.exd5 exd5 37.Re1 Kf8 38.Re5 Rc2+ 39.Kg3 Nc4 40.Re1 Rb2 41.Nd3 Rb3 
42.Nc5 Nd6 43.Nxb3 Nf5+ 1-0

[Event "R1 EVT1-Ramonville2"]
[Site "Ramonville"]
[Date "2004.10.10"]
[Round "1.2"]
[White "Damiano, Hervé"]
[Black "Alonso, Jésus"]
[Result "0-1"]
[WhiteElo "1730"]
[BlackElo "1850"]
[EventDate "2004.??.??"]
[PlyCount "66"]

1.d4 e6 2.c4 Nf6 3.Nc3 Bb4 4.Qc2 Nc6 5.Nf3 d5 6.e3 Ne4 7.a3 Bxc3+ 8.bxc3 
Bd7 9.Bd3 Ng5 10.Rb1 Nxf3+ 11.gxf3 dxc4 12.Bxc4 Na5 13.Bf1 Qf6 14.Rg1 g6 
15.f4 Rb8 16.Bb2 Qf5 17.Qxf5 exf5 18.Ba1 Be6 19.d5 Bd7 20.c4 O-O 21.Bc3 b6
22.c5 Ba4 23.c6 Bc2 24.Rb2 Be4 25.h4 Bxd5 26.h5 Nxc6 27.hxg6 fxg6 28.f3 
Rfe8 29.Kf2 Na5 30.Rb5 Bc4 31.Rxf5 Bxf1 32.Kxf1 Rxe3 33.Be5 Rxa3 0-1

[Event "R1 EVT1-Ramonville2"]
[Site "Ramonville"]
[Date "2004.10.10"]
[Round "1.1"]
[White "Cesbron, Guy"]
[Black "Decosse, Jean-Fabien"]
[Result "1/2-1/2"]
[WhiteElo "2133"]
[BlackElo "2209"]
[EventDate "2004.??.??"]
[PlyCount "44"]

1.e4 c6 2.d4 g6 3.Nf3 Bg7 4.Nc3 d6 5.h3 Nd7 6.Be3 e5 7.Qd2 Qe7 8.Be2 Ngf6 
9.O-O O-O 10.Bg5 Re8 11.Rfe1 b6 12.Rad1 Bb7 13.Bf1 Nf8 14.d5 cxd5 15.Nxd5 
Bxd5 16.Bxf6 Bxf6 17.Qxd5 Red8 18.c3 Ne6 19.g3 Rac8 20.Qb3 Nc5 21.Qd5 Na4 
22.Qb3 Nc5 1/2-1/2

[Event "R1 Colomiers2-Montauban2"]
[Site "Colomiers"]
[Date "2004.10.10"]
[Round "1.6"]
[White "Delachoux, Didier"]
[Black "Avdagic, Faris"]
[Result "1/2-1/2"]
[WhiteElo "1440"]
[BlackElo "1280"]
[EventDate "2004.??.??"]
[PlyCount "124"]

1.d4 d5 2.Nf3 Nc6 3.Bf4 Bf5 4.e3 a6 5.c3 Nf6 6.Nbd2 g6 7.Be5 Bg7 8.a3 O-O 
9.Be2 Ne4 10.Bxg7 Kxg7 11.O-O Re8 12.Ne5 Qd6 13.Ndf3 f6 14.Nd3 Qd8 15.Nh4 
Qd7 16.Nc5 Nxc5 17.Nxf5+ Qxf5 18.dxc5 Red8 19.Bg4 Qe4 20.Bf3 Qc4 21.b4 
Qxc3 22.Qc1 Qxc1 23.Raxc1 Ne5 24.Be2 Nf7 25.Rfd1 Ng5 26.f4 Ne6 27.Bf3 c6 
28.Rd2 Nc7 29.Be2 Nb5 30.Bxb5 axb5 31.Rd3 Ra7 32.Ra1 Ra4 33.Kf2 Raa8 34.
Rb3 Re8 35.Re1 e5 36.g3 exf4 37.gxf4 Re4 38.Rd3 Rae8 39.Kf3 Ra8 40.Ra1 
Rxb4 41.axb4 Rxa1 42.Rd4 f5 43.Kg2 Kf6 44.h4 h5 45.Kf3 Rc1 46.Kf2 Rc4 47.
Kf3 Rxd4 48.exd4 Ke7 49.Kg3 Kd7 50.Kf3 Kc7 51.Ke3 b6 52.Kd3 bxc5 53.dxc5 
Kd7 54.Ke3 Ke6 55.Kd4 Kf7 56.Ke3 d4+ 57.Kxd4 Ke6 58.Kc3 Kd5 59.Kd3 Ke6 60.
Ke3 Kf6 61.Kf3 Ke7 62.Ke3 Ke6 1/2-1/2

[Event "R1 Colomiers2-Montauban2"]
[Site "Colomiers"]
[Date "2004.10.10"]
[Round "1.5"]
[White "Blesing, Alicia"]
[Black "Foussat, Frederic"]
[Result "1-0"]
[WhiteElo "1540"]
[BlackElo "1270"]
[EventDate "2004.??.??"]
[PlyCount "59"]

1.e4 d6 2.d4 Nf6 3.Nc3 g6 4.Nf3 Bg7 5.Bc4 Nxe4 6.Nxe4 d5 7.Bxd5 Qxd5 8.Nc3
Qd8 9.Bf4 O-O 10.Nb5 Na6 11.c3 c6 12.Na3 Be6 13.O-O Rc8 14.Re1 Re8 15.Ng5 
Nc7 16.Bxc7 Rxc7 17.Nxe6 fxe6 18.Rxe6 Rd7 19.Qg4 c5 20.dxc5 Rd2 21.h4 Qd7 
22.Nc4 Rd5 23.Rae1 Rxc5 24.Qe4 Bf6 25.Rxf6 Rxc4 26.Qxc4+ Kg7 27.Rf7+ Kh8 
28.Qd4+ Qxd4 29.cxd4 Rd8 30.Rfxe7 1-0

[Event "R1 Colomiers2-Montauban2"]
[Site "Colomiers"]
[Date "2004.10.10"]
[Round "1.4"]
[White "Souyri, Pierre"]
[Black "Artis, Paul"]
[Result "1/2-1/2"]
[WhiteElo "1520"]
[BlackElo "1299"]
[EventDate "2004.??.??"]
[PlyCount "112"]

1.e4 c6 2.Nc3 d5 3.d4 dxe4 4.Nxe4 Bf5 5.Ng3 Bg6 6.Nf3 e6 7.Be2 Nd7 8.O-O 
Bd6 9.Bd3 Bxd3 10.Qxd3 Ngf6 11.Re1 O-O 12.Bg5 Qc7 13.Ne4 Nxe4 14.Qxe4 Rae8
15.c4 b6 16.Rac1 f6 17.Bd2 f5 18.Qh4 Qd8 19.Bg5 Nf6 20.Ne5 Qc8 21.Qg3 Ne4 
22.Qh4 Nxg5 23.Qxg5 Rf6 24.f4 Bxe5 25.dxe5 Rg6 26.Qh5 c5 27.Red1 Qc6 28.g3
Qe4 29.Rf1 Rd8 30.b3 Rd2 31.Rf2 Qe3 32.Rf1 Rxa2 33.Kg2 Rxf2+ 34.Rxf2 a6 
35.Re2 Qxf4 36.Re1 Qd2+ 37.Re2 Qd3 38.Re1 Kf8 39.Qxh7 Kf7 40.Qh5 Qd2+ 41.
Kf1 Qd3+ 42.Kf2 b5 43.Rd1 Qc2+ 44.Ke1 Qe4+ 45.Kf1 Qxe5 46.Rd7+ Kf6 47.Qh7 
Qa1+ 48.Kg2 Qb2+ 49.Kg1 Qc1+ 50.Kg2 Qg5 51.Qh8 f4 52.Qf8+ Ke5 53.Qxc5+ Kf6
54.Qf8+ Ke5 55.Qb8+ Kf6 56.Qf8+ Ke5 1/2-1/2

[Event "R1 Colomiers2-Montauban2"]
[Site "Colomiers"]
[Date "2004.10.10"]
[Round "1.3"]
[White "Paradis, Francois"]
[Black "Derbichev, Nussa"]
[Result "1-0"]
[WhiteElo "1499"]
[BlackElo "1499"]
[EventDate "2004.??.??"]
[PlyCount "65"]

1.e4 e6 2.d4 b6 3.Nc3 Bb4 4.Bd2 Bxc3 5.Bxc3 Qh4 6.Bd3 Qg5 7.Qf3 c6 8.Ne2 
Ba6 9.Ng3 Bxd3 10.Qxd3 Nf6 11.Bb4 a5 12.Ba3 b5 13.c3 Na6 14.b3 b4 15.Bc1 
Qg6 16.c4 O-O 17.O-O h5 18.h4 Rfd8 19.Qf3 Qg4 20.Qxg4 hxg4 21.Bg5 Rdc8 22.
Bxf6 gxf6 23.f3 Kf8 24.fxg4 Ke7 25.Rf3 Rg8 26.Rf4 e5 27.dxe5 fxe5 28.Rf5 
Rxg4 29.Rg5 Rxg5 30.hxg5 Rg8 31.Nf5+ Ke6 32.Rd1 Nc5 33.Rd6# 1-0

[Event "R1 Colomiers2-Montauban2"]
[Site "Colomiers"]
[Date "2004.10.10"]
[Round "1.2"]
[White "Delpy, Pierre"]
[Black "Amblard, Philippe"]
[Result "1/2-1/2"]
[WhiteElo "1510"]
[BlackElo "1490"]
[EventDate "2004.??.??"]
[PlyCount "140"]

1.e4 e6 2.d4 d5 3.Nd2 c5 4.Ngf3 Nc6 5.exd5 Qxd5 6.Bc4 Qd6 7.Ne4 Qc7 8.O-O 
cxd4 9.Nxd4 Bd7 10.Be3 Nxd4 11.Qxd4 Rd8 12.Rfd1 b6 13.a4 Bc6 14.Qxd8+ Qxd8
15.Rxd8+ Kxd8 16.Rd1+ Kc8 17.Nc3 Nf6 18.Nb5 Bxb5 19.Bxb5 Nd5 20.Bd4 f6 21.
f3 Be7 22.Bf2 Rd8 23.Ba6+ Kc7 24.c3 e5 25.g3 Kb8 26.Bc4 Nc7 27.Rxd8+ Bxd8 
28.b4 Ne8 29.Kg2 Nd6 30.Bd3 Kb7 31.Kh3 h6 32.Kg4 Kc7 33.Kh5 Be7 34.Kg6 Bf8
35.c4 Kd8 36.c5 bxc5 37.bxc5 Ne8 38.Kf7 Be7 39.Bb5 Nc7 40.Kxg7 Ne6+ 41.
Kxh6 Nxc5 42.Bxc5 Bxc5 43.Kg6 Ke7 44.g4 Bf2 45.g5 fxg5 46.Kxg5 Ke6 47.h4 
Be3+ 48.Kg6 Kd5 49.h5 Kd4 50.h6 Bxh6 51.Kxh6 e4 52.fxe4 Kxe4 53.Kg6 Kd5 
54.Kf6 Kd6 55.Kf7 Kc7 56.Ke7 Kb6 57.Kd6 Kb7 58.Kc5 Kc7 59.a5 Kb7 60.a6+ 
Kc7 61.Ba4 Kb8 62.Kd6 Ka8 63.Kd7 Kb8 64.Kc6 Ka8 65.Bb3 Kb8 66.Bd5 Kc8 67.
Be4 Kb8 68.Kd6 Kc8 69.Bf5+ Kb8 70.Kd7 Ka8 1/2-1/2

[Event "R1 Colomiers2-Montauban2"]
[Site "Colomiers"]
[Date "2004.10.10"]
[Round "1.1"]
[White "Avdagic, Ajdin"]
[Black "Kienlen, Gerard"]
[Result "0-1"]
[WhiteElo "1590"]
[BlackElo "1410"]
[EventDate "2004.??.??"]
[PlyCount "81"]

1.b3 Nf6 2.Bb2 e6 3.Nf3 d6 4.d4 g6 5.e3 Bg7 6.c4 O-O 7.Nc3 Bd7 8.Bd3 a6 9.
Ng5 d5 10.Qf3 c6 11.e4 Bc8 12.Ba3 Re8 13.e5 b5 14.c5 Rf8 15.exf6 Bxf6 16.
Nh3 Bxd4 17.Be2 Qa5 18.Bb2 Bxc5 19.O-O f5 20.Qg3 Qd8 21.Qe5 Bd6 22.Qe3 f4 
23.Qd2 e5 24.Rad1 Bxh3 25.gxh3 f3 26.Bd3 Qd7 27.Qh6 e4 28.Bxe4 dxe4 29.
Nxe4 Bf4 30.Rxd7 Bxh6 31.Rc7 Bf4 32.Nf6+ Rxf6 33.Bxf6 Bxc7 34.Re1 a5 35.
Re7 Bd6 36.Rg7+ Kf8 37.Rxh7 a4 38.h4 c5 39.Rb7 b4 40.Rb6 Be7 41.Be5 0-1

[Event "R1 CEIT4-Luchon"]
[Site "Luchon"]
[Date "2004.10.10"]
[Round "1.6"]
[White "Moreau, Maximilien"]
[Black "Arnould, Francoise"]
[Result "0-1"]
[WhiteElo "1520"]
[BlackElo "1280"]
[EventDate "2004.??.??"]
[PlyCount "114"]

1.c4 c5 2.Nc3 Nf6 3.g3 e5 4.Bg2 Nc6 5.e3 Qb6 6.Nge2 d6 7.O-O Be6 8.d3 Rd8 
9.e4 Nd4 10.Nxd4 cxd4 11.Ne2 Be7 12.Qb3 Qa6 13.Qa3 Qb6 14.Qa4+ Bd7 15.Qc2 
a5 16.a4 O-O 17.Bd2 Ra8 18.Rfb1 Qc6 19.b3 b6 20.Rf1 Ng4 21.h3 Nf6 22.Rab1 
Qc8 23.Kh2 h6 24.Rb2 Nh7 25.Ng1 Bg5 26.Nf3 Bxd2 27.Qxd2 g5 28.Ng1 Ra7 29.
Qe2 Kg7 30.Rbb1 f5 31.Rb2 f4 32.g4 Qc5 33.Ra2 Qb4 34.Qc2 Be8 35.f3 h5 36.
Rf2 hxg4 37.fxg4 Qe1 38.Nf3 Qb4 39.Rf1 Kg6 40.Rf2 Nf6 41.Rf1 Rh7 42.Kg1 
Rfh8 43.Rd1 Qc5 44.Rf1 Rh6 45.Kf2 Bd7 46.Ke2 Qc7 47.Raa1 Be6 48.Rae1 Bxg4 
49.hxg4 Nxg4 50.Qd2 Nh2 51.Nxh2 Rxh2 52.Rf2 Qd7 53.Kd1 Qg4+ 54.Bf3 Qg3 55.
Rxh2 Rxh2 56.Be2 f3 57.Bxf3 Rxd2+ 0-1

[Event "R1 CEIT4-Luchon"]
[Site "Luchon"]
[Date "2004.10.10"]
[Round "1.5"]
[White "Chevalier, Pierre"]
[Black "Durand, Christian"]
[Result "1/2-1/2"]
[WhiteElo "1300"]
[BlackElo "1499"]
[EventDate "2004.??.??"]
[PlyCount "90"]

1.e4 c5 2.Nf3 Nc6 3.d4 cxd4 4.Nxd4 Ne5 5.f4 Ng6 6.Nc3 a6 7.Bc4 e6 8.O-O 
Bc5 9.Be3 Qb6 10.Bb3 N8e7 11.Na4 Qc7 12.c3 O-O 13.Bc2 b6 14.b4 Bxd4 15.
Bxd4 Rb8 16.Be3 Rd8 17.e5 Nd5 18.Bd2 Bb7 19.Bxg6 fxg6 20.Qg4 Rf8 21.g3 Qc6
22.Rf3 Ne3 23.Bxe3 Qxf3 24.Qxf3 Bxf3 25.Rf1 Bd5 26.a3 b5 27.Nb6 Rb7 28.
Nxd5 exd5 29.Rd1 Rc7 30.Bc5 Rf5 31.Rxd5 Kf7 32.Kg2 g5 33.g4 Rxf4 34.Kg3 
Ke6 35.Rd4 Kxe5 36.Bd6+ Ke6 37.Bxc7 Rxd4 38.cxd4 Kd5 39.Bb6 Kc4 40.h4 h6 
41.h5 d5 42.Kf3 Kb3 43.Ba5 Kxa3 44.Ke3 Kb3 45.Kd3 Kb2 1/2-1/2

[Event "R1 CEIT4-Luchon"]
[Site "Luchon"]
[Date "2004.10.10"]
[Round "1.4"]
[White "Lefauqueur, Alain"]
[Black "Tovar Gonzales, Jesus Antonio"]
[Result "0-1"]
[WhiteElo "1440"]
[BlackElo "1499"]
[EventDate "2004.??.??"]
[PlyCount "44"]

1.e4 e5 2.Nf3 Nc6 3.Bc4 d6 4.d3 Bg4 5.Nbd2 Nf6 6.O-O Be7 7.Qe1 O-O 8.a3 d5
9.Ba2 Bc5 10.b4 Nd4 11.Nxd4 Bxd4 12.Rb1 Be6 13.exd5 Bxd5 14.Nb3 Qd7 15.
Nxd4 Bxa2 16.Rb2 Rfe8 17.Nb5 Re6 18.Nxc7 Qxc7 19.Rxa2 Rae8 20.Qd2 e4 21.
Bb2 Ng4 22.Bxg7 Qxh2# 0-1

[Event "R1 CEIT4-Luchon"]
[Site "Luchon"]
[Date "2004.10.10"]
[Round "1.3"]
[White "Lenoir, Patrice"]
[Black "Miquel, Pierre"]
[Result "1-0"]
[WhiteElo "1480"]
[BlackElo "1440"]
[EventDate "2004.??.??"]
[PlyCount "109"]

1.c4 e5 2.g3 c6 3.Bg2 d5 4.cxd5 cxd5 5.d4 e4 6.a3 Bg4 7.Qa4+ Qd7 8.Qxd7+ 
Nxd7 9.Nc3 Ngf6 10.Nh3 a6 11.O-O Bxh3 12.Bxh3 Bd6 13.b3 Nb6 14.Bb2 O-O 15.
Rac1 Nc8 16.Na4 b5 17.Nc5 Nb6 18.Nb7 Be7 19.Na5 Rfe8 20.Rc2 Nc8 21.Rfc1 
Nd6 22.b4 g6 23.Rc3 Bf8 24.R1c2 Bh6 25.e3 Bf8 26.Bc1 h5 27.Bd2 Nh7 28.Bd7 
Re7 29.Bc6 Nc4 30.Bxa8 Ng5 31.Nxc4 dxc4 32.Rc1 Nf3+ 33.Kg2 Nxd2 34.Rd1 Nf3
35.Ra1 f5 36.a4 Rc7 37.axb5 axb5 38.Rb1 Rc8 39.Bd5+ Kg7 40.Bb7 Rb8 41.Bc6 
Kf6 42.d5 Ne5 43.Ra3 Rb6 44.Ra5 Nxc6 45.dxc6 Ke6 46.c7 Kd7 47.Ra8 Rc6 48.
Rxf8 Kxc7 49.Ra8 c3 50.Rc1 Rc4 51.Ra3 c2 52.Rb3 Kd6 53.Rb2 Kd5 54.Rcxc2 g5
55.Kf1 1-0

[Event "R1 CEIT4-Luchon"]
[Site "Luchon"]
[Date "2004.10.10"]
[Round "1.2"]
[White "Lloveras, Jean-Jacques"]
[Black "Laffont, Jean-Christophe"]
[Result "1-0"]
[WhiteElo "1550"]
[BlackElo "1570"]
[EventDate "2004.??.??"]
[PlyCount "77"]

1.c4 c6 2.e4 d5 3.e5 e6 4.d4 dxc4 5.Bxc4 Bb4+ 6.Nc3 Ne7 7.a3 Ba5 8.Bg5 Qd7
9.Bxe7 Qxe7 10.Nf3 O-O 11.O-O Bc7 12.b4 a6 13.Qd2 Rd8 14.Ne4 Nd7 15.Qc2 
Nf8 16.Bd3 Ng6 17.Rad1 Bd7 18.g3 Be8 19.h4 Bb6 20.Bc4 Ba7 21.Nfg5 b5 22.
Bb3 Bxd4 23.h5 Nf8 24.Nf3 Bb6 25.Kg2 Bc7 26.Qc3 Rdc8 27.h6 g6 28.Nfg5 a5 
29.f4 axb4 30.axb4 Bb8 31.f5 gxf5 32.Nf6+ Kh8 33.Bc2 Ba7 34.g4 fxg4 35.
Bxh7 Ng6 36.Bxg6 fxg6 37.Qc2 Bf7 38.Rd7 Qxb4 39.Nxf7# 1-0

[Event "R1 CEIT4-Luchon"]
[Site "Luchon"]
[Date "2004.10.10"]
[Round "1.1"]
[White "Favarel, Alexis"]
[Black "Moreau, Philippe"]
[Result "1-0"]
[WhiteElo "1630"]
[BlackElo "1780"]
[EventDate "2004.??.??"]
[PlyCount "105"]

1.e4 c6 2.d4 d5 3.exd5 cxd5 4.Bb5+ Bd7 5.Qd3 e6 6.Nf3 Qa5+ 7.Nc3 Bb4 8.
Bxd7+ Nxd7 9.O-O Bxc3 10.Qxc3 Qxc3 11.bxc3 Rc8 12.Bd2 Ngf6 13.a4 Ne4 14.
Ra3 O-O 15.Rb1 Nb6 16.Be1 Nc4 17.Rab3 b6 18.Kf1 f6 19.Ke2 Rf7 20.Nd2 Na5 
21.Nxe4 dxe4 22.Rb4 Nc4 23.Bd2 Rfc7 24.R1b3 g5 25.Be1 f5 26.f3 Nd6 27.fxe4
Nxe4 28.Kd3 Rd8 29.Ke3 Nf6 30.c4 Ng4+ 31.Kd3 Rcd7 32.c3 Nxh2 33.a5 bxa5 
34.Rb8 Ng4 35.Rxd8+ Rxd8 36.c5 Ne5+ 37.Ke3 Nc6 38.Kd3 Rb8 39.Rxb8+ Nxb8 
40.c4 a4 41.d5 Kf7 42.c6 Na6 43.d6 Ke8 44.Bc3 Nc5+ 45.Kd4 Nd7 46.cxd7+ 
Kxd7 47.Ke5 h5 48.c5 h4 49.c6+ Kxc6 50.Kxe6 g4 51.d7 h3 52.gxh3 gxh3 53.
d8=Q 1-0

[Event "R1 Blaye-Albi"]
[Site "Albi"]
[Date "2004.10.10"]
[Round "1.6"]
[White "Aurejac, Pierre"]
[Black "Santoul, Pascal"]
[Result "1/2-1/2"]
[WhiteElo "1430"]
[BlackElo "1460"]
[EventDate "2004.??.??"]
[PlyCount "92"]

1.c4 e5 2.Nc3 d6 3.g3 Nf6 4.Bg2 c6 5.e4 Nbd7 6.d3 Be7 7.Nge2 O-O 8.f4 Qb6 
9.Na4 Qd8 10.f5 Nb6 11.Nac3 d5 12.cxd5 cxd5 13.Ng1 Bb4 14.Bd2 d4 15.Nce2 
Bxd2+ 16.Qxd2 Ng4 17.Nf3 f6 18.h4 Ne3 19.Bh3 Bd7 20.h5 h6 21.Nh4 Be8 22.
Ng2 Bxh5 23.Nxe3 dxe3 24.Qxe3 Rc8 25.Nc3 Be8 26.Bg2 Na4 27.Nxa4 Bxa4 28.
Ke2 Rc2+ 29.Kf3 Bb5 30.Bf1 Qd4 31.Qxd4 exd4 32.b3 Rd2 33.Kf4 Bxd3 34.Bxd3 
Rxd3 35.Rad1 Rxd1 36.Rxd1 Rd8 37.e5 d3 38.e6 Kf8 39.Ke4 d2 40.Ke3 Rd5 41.
Kf4 Ke7 42.g4 g6 43.fxg6 Rg5 44.Rxd2 Rxg6 45.Rd7+ Kxe6 46.Rxb7 a5 1/2-1/2